000 00665cas a2200217 a 4500
999 _c20330
_d20330
005 20181008110226.0
008 000126c19650000ck tr p r 0 0b0spa d
040 _aie
_cie
_dCO-BoIAVH
041 0 _aspa
044 _ack
090 _aSE
245 0 0 _aRevista Universidad EAFIT.
260 _aMedellín (Colombia) :
_bUniversidad EAFIT,
_c1965- .
300 _bilustraciones y tablas ;
310 _af
650 2 6 _aEconomía
_vPublicaciones periódicas
650 2 6 _aCiencia
_vPublicaciones periódicas
650 2 6 _aMedio ambiente
_vPublicaciones periódicas
_zColombia
710 2 _aUniversidad EAFIT
942 _2z
_cREVISTA